000 00771nam a22001935i 4500
001 157283
003 ES-MaACL
005 20250809063528.0
008 991004s1862 fr |||| | fre d
100 1 _aLaurent, François,
_d1810-1887
_9128741
245 1 0 _aHistoire du droit des gens et des relations internationales :
_bétudes sur l'histoire de l'humanité.
_nIII,
_pRome /
_cpar F. Laurent.
250 _a2e éd. corr.
260 _aBruxelles ;
_aLeipzig :
_bA. Lacroix, Verboeckhoven et Cie.,
_c1862 (
_eGand :
_fImp. de F.L. Dullé-Plus)
300 _a516 p. ;
_c22 cm.
650 7 _aDerecho internacional público-
_vHistoria
_2
_9163248
651 4 _aRoma-
_xHistoria.
_99312
852 _aES-MaACL
_jD-4568
_z- Enc. hol.
999 _c157283
_d157283